Before the coffee gets cold : tales from the cafe /

In a small back alley in Tokyo, there is a cafe which has been serving carefully brewed coffee for more than one hundred years. But this coffee shop offers its customers a unique experience: the chance to travel back in time ... From the author of Before the Coffee Gets Cold comes a story of four ne...

Volledige beschrijving

Bibliografische gegevens
Hoofdauteur: Kawaguchi, Toshikazu, 1971- (Auteur)
Andere auteurs: Trousselot, Geoffrey (Vertaler)
Formaat: Boek
Taal:English
Japanese
Gepubliceerd in: London : Picador, an imprint of Pan Macmillan, 2020.
Onderwerpen:
Classic Catalogue: View this record in Classic Catalogue
LEADER 02860cam a22004457i 4500
001 44470
003 BD-DhAAL
005 20250707135019.0
008 250707t2020 enk 000 f eng d
010 |a  2020418251 
015 |a GBC082254  |2 bnb 
016 7 |a 019835029  |2 Uk 
020 |a 9781529050868 
020 |a 1529050863 
035 |a 21885600 
035 |a (OCoLC)1145317718 
040 |a YDX  |b eng  |c YDX  |e rda  |d OCLCQ  |d UKMGB  |d SINLB  |d OCLCF  |d AUPTL  |d OCLCQ  |d NDD  |d DLC 
041 1 |a eng  |h jpn 
042 |a lccopycat 
043 |a a-ja--- 
050 0 0 |a PL872.5.A85  |b C6413 2020b 
082 0 4 |a 895.636  |2 23 
100 1 |a Kawaguchi, Toshikazu,  |d 1971-  |e author.  |9 58668 
240 1 0 |a Coffee ga samenai uchini.  |l English 
245 1 0 |a Before the coffee gets cold :  |b tales from the cafe /  |c Toshikazu Kawaguchi ; translated from the Japanese by Geoffrey Trousselot. 
260 |a London :  |b Picador, an imprint of Pan Macmillan,  |c 2020. 
300 |a 192 pages ;  |c 20 cm 
500 |a Originally published in Japan by Sunmark Publishing in 2017. 
520 |a In a small back alley in Tokyo, there is a cafe which has been serving carefully brewed coffee for more than one hundred years. But this coffee shop offers its customers a unique experience: the chance to travel back in time ... From the author of Before the Coffee Gets Cold comes a story of four new customers each of whom is hoping to take advantage of Cafe Funiculi Funicula's time-travelling offer. Among some faces that will be familiar to readers of Kawaguchi's previous novel, we will be introduced to:The man who goes back to see his best friend who died 22 years agoThe son who was unable to attend his own mother's funeralThe man who went back to see the girl who he could not marryThe old detective who never gave his wife that gift ... This beautiful, simple tale tells the story of people who must face up to their past, in order to move on with their lives. Kawaguchi once again invites the reader to ask themselves: what would you change if you could travel back in time?-- 
541 |a Donated by Farhana Zahir, Assistant Professor, BRAC Business School  |e 44470 
546 |a Translated from the Japanese. 
650 0 |a Coffeehouses  |z Japan  |z Tokyo  |v Fiction.  |9 58669 
650 0 |a Time travel  |v Fiction.  |9 58670 
650 0 |a Interpersonal relations  |v Fiction. 
650 0 |a Japanese fiction.  |9 29355 
700 1 |a Trousselot, Geoffrey,  |e translator.  |9 58680 
852 |a Ayesha Abed Library  |c General Stacks 
942 |2 ddc  |c BK 
999 |c 47323  |d 47323 
952 |0 0  |1 0  |2 ddc  |4 0  |6 895_636000000000000_KAW  |7 0  |9 77858  |a BRACUL  |b BRACUL  |c GEN  |d 2025-07-07  |e Donated by Farhana Zahir, Assistant Professor, BRAC Business School  |l 6  |m 32  |o 895.636 KAW  |p 3010044470  |q 2026-06-02  |r 2026-05-20  |s 2026-05-20  |t 1  |w 2025-07-07  |y BK  |x Donated by Farhana Zahir, Assistant Professor, BRAC Business School ; Rs 499.00